1118 1441 1694 1283 1077 1133 1494 1769 1253 1982 1029 1513 1098 1087 1950 1698 1798 1972 1454 1989 1010 1273 1896 1360 1070 1954 1025 1321 1402 1893 1001 1420 1729 1290 1645 1714 1401 1160 1029 1445 1862 1199 1866 1010 1930 1620 1493 1729 1430 1403 1299 1731 1103 1996 1411 1233 1840 1159 1953 1973 1073 1812 1631 1788 1561 1137 1307 1559 1758 1545 1996 1441 1211 1539 1770 1045 1103 1408 1399 1797 1386 1820 1801 1104 1934 1728 1428 1764 1768 1803 1816 1380 1707 1654 1985 1065 1384 1064 1264 BCNSPRNW ULIB Ver.6.0+V

เปลี่ยนเป็นภาษาไทย

Change to English
 แสดงรายละเอียดบรรณานุกรม
  กลับหน้าหลัก

Brief Record : Get Marc (ISO 2709) : E-mail record : QR code < ปิดหน้าต่าง
LEADER : 00000nam 2200000uu 4500
001    13399113824
003     ULIB
008    120109s2550||||th 000 0 tha d
020    ^a9744469946
090    ^aนว.^bน540ข 2550
100 0  ^aน้ำหนึ่ง
245 00 ^aขอรักเธออีกสักครั้ง/^cน้ำหนึ่ง
250    ^aพิมพ์ครั้งที่ 1
260    ^aกรุงเทพฯ :^bณ บ้านวรรณกรรม,^c2550
300    ^a336 หน้า
710 1  ^aณ บ้านวรรณกรรม
945    ^p265^l0^i15309
995    ^aกัณชพร
999    ^aใช้งานได้ทุกระบบ
รายการนี้ยังไม่มีแท็ก
คุณยังไม่ได้ล็อกอิน คุณสามารถมีกิจกรรมร่วมกับเว็บไซต์ได้ แต่ต้องล็อกอินก่อน ::
  ล็อกอิน

รายการสื่อสารสนเทศ

ลำดับที่ ประเภท เลขเรียก/บาร์โค้ด สถานที่ สถานะ
1. นวนิยาย
นวนิยาย
นว. น540ข 2550  
  Barcode: 15309
ห้องสมุดวิทยาเขตสวรรค์ประชารักษ์
►นวนิยาย
บนชั้น
  ขอยืม

BibComment


ยังไม่เคยถูกคอมเมนท์

คอมเมนท์ทรัพยากรรายการนี้
  คอมเมนท์: ขอรักเธออีกสักคร..


 Copyright 2026. Bcnsprnw @Library